[Event "CRO U20 1 liga"]
[Site "Cakovec"]
[Date "2020.07.14"]
[Round "1.1"]
[White "Muha, Miljenko"]
[Black "Sos, Fran"]
[Result "1-0"]
[WhiteElo "2310"]
[BlackElo "2024"]
[PlyCount "119"]
[EventDate "2020.??.??"]
[WhiteClock "1:30:00"]
[BlackClock "1:30:00"]

{[%evp 0,119,30,30,31,-29,31,1,45,15,25,44,63,63,132,103,103,79,79,58,58,54,73,
68,68,62,110,39,64,32,71,36,67,44,63,63,32,10,67,30,18,12,-5,-55,-22,-30,24,
-16,56,56,24,11,31,-19,41,29,77,-8,57,62,17,-133,-146,-146,-146,-133,-133,-133,
-84,-84,-109,-138,-46,-61,-61,-61,-81,-53,-57,-66,24,-2,-26,-57,-49,-61,-27,
-37,-48,-128,-41,-21,34,23,131,145,134,133,133,127,127,123,110,97,122,146,120,
121,173,173,179,211,217,241,241,178,161,397,394,394,441,454]} 1. d4 Nf6 2. c4
c5 3. d5 b5 4. Nf3 bxc4 5. Nc3 d6 6. e4 g6 7. Bxc4 Bg7 8. h3 Nbd7 9. O-O O-O
10. Bf4 Nb6 11. Bb5 Bb7 12. Re1 Ne8 13. Bf1 e5 14. dxe6 fxe6 15. Bg5 Qd7 16.
Bb5 Bc6 17. Bxc6 Qxc6 18. Rc1 Rc8 19. Qe2 Rf7 20. h4 Nc7 21. h5 gxh5 22. Bh4
Rcf8 23. Ng5 Rf4 24. Qxh5 h6 25. Nh3 R4f7 26. Re3 Qe8 27. Rg3 Kh8 28. Ne2 d5
29. Qg6 Nd7 30. Nef4 Ne5 31. Qh5 Rxf4 32. Nxf4 Rxf4 33. Qxe8+ Nxe8 34. Rxc5 Nd6
35. Rc7 Bf8 36. Be7 Nxe4 37. Bxf8 Rxf8 38. Rh3 Rf6 39. Rb3 Nf7 40. Rbb7 Kg7 41.
f3 Ned6 42. Rb4 a5 43. Ra4 Kg6 44. Rd7 Rf5 45. Rxa5 Rf4 46. Ra6 Nc4 47. Rxe6+
Rf6 48. Rxf6+ Kxf6 49. Rxd5 Nxb2 50. f4 Ke6 51. Rd4 Nd6 52. g4 Nbc4 53. Kf2 Nb6
54. a4 Nd5 55. Kf3 Nb7 56. f5+ Kd6 57. f6 Nc5 58. f7 Ne6 59. f8=Q+ Nxf8 60. Ke4
1-0

[Event "CRO U20 1 liga"]
[Site "Cakovec"]
[Date "2020.07.14"]
[Round "1.2"]
[White "Borzan, Andrej"]
[Black "Cvitan, Ena"]
[Result "1/2-1/2"]
[WhiteElo "1983"]
[BlackElo "2258"]
[PlyCount "61"]
[EventDate "2020.??.??"]
[WhiteClock "1:30:00"]
[BlackClock "1:30:00"]

{[%evp 0,61,37,31,34,-16,-12,-32,-16,-16,28,53,40,53,45,49,48,38,32,-28,24,6,
-7,-48,-63,-69,-27,-76,-74,-57,-63,-108,-65,-81,-65,-31,10,-57,-90,-127,-98,
-138,34,-23,36,20,20,-6,130,0,0,0,0,0,0,0,0,0,0,0,0,0,0,0]} 1. d4 Nf6 2. c4 e6
3. Nf3 d5 4. Nc3 dxc4 5. e3 a6 6. Bxc4 b5 7. Bb3 Bb7 8. O-O Nbd7 9. d5 e5 10.
Re1 b4 11. Na4 e4 12. Ng5 Bd6 13. f3 Qe7 14. Nxe4 Nxe4 15. fxe4 Qe5 16. g3 Qxe4
17. Qd4 Nf6 18. Bd2 O-O 19. Nc5 Bxc5 20. Qxc5 Nxd5 21. Bc2 Qg4 22. e4 Nf6 23.
Bxb4 Nxe4 24. Qxc7 Nxg3 25. Qxb7 Ne4+ 26. Kf1 Qf3+ 27. Kg1 Qf2+ 28. Kh1 Qf3+
29. Kg1 Qg4+ 30. Kf1 Qf4+ 31. Kg1 1/2-1/2

[Event "CRO U20 1 liga"]
[Site "Cakovec"]
[Date "2020.07.14"]
[Round "1.3"]
[White "Ghersinich, Enrico"]
[Black "Colev, Ivor"]
[Result "1-0"]
[WhiteElo "2299"]
[BlackElo "1901"]
[PlyCount "57"]
[EventDate "2020.??.??"]
[WhiteClock "1:30:00"]
[BlackClock "1:30:00"]

{[%evp 0,57,37,29,107,56,44,44,-4,-4,65,4,11,-39,-41,-41,32,27,27,5,18,8,17,15,
24,24,38,13,22,16,80,40,117,112,95,73,56,56,65,65,122,107,107,53,41,38,123,121,
119,111,135,102,105,83,85,103,212,287,355,401]} 1. d4 f5 2. e4 fxe4 3. Nc3 Nf6
4. Bg5 Nc6 5. Bxf6 exf6 6. d5 Ne5 7. Nxe4 Nf7 8. Qe2 Qe7 9. O-O-O f5 10. Ng3
Qxe2 11. Bxe2 g6 12. Nf3 Bg7 13. h4 d6 14. h5 Bh6+ 15. Kb1 f4 16. hxg6 hxg6 17.
Ne4 Bf5 18. Bb5+ Kd8 19. Neg5 Ke7 20. Rde1+ Kf6 21. Nxf7 Kxf7 22. Nd4 Bg4 23.
Rh4 Bh5 24. Ne6 a6 25. Bd3 Rae8 26. g4 fxg3 27. fxg3 Bg7 28. Rf1+ Kg8 29. g4
1-0

[Event "CRO U20 1 liga"]
[Site "Cakovec"]
[Date "2020.07.14"]
[Round "1.4"]
[White "Poljan, Max"]
[Black "Dabic, Stjepan"]
[Result "0-1"]
[WhiteElo "1649"]
[BlackElo "2120"]
[PlyCount "82"]
[EventDate "2020.??.??"]
[WhiteClock "1:30:00"]
[BlackClock "1:30:00"]

{[%evp 0,82,29,29,34,12,72,55,49,65,65,10,11,-62,5,-13,16,-2,13,-94,-38,-18,17,
-68,-68,-68,-68,-178,-144,-67,-121,-219,-241,-210,-210,-196,-204,-212,-159,
-148,-149,-203,-130,-135,-141,-141,-138,-150,-150,-168,-135,-169,-166,-177,
-195,-219,-215,-183,-183,-158,-128,-97,-97,-165,-145,-165,-148,-176,-163,-166,
-105,-149,-149,-285,-307,-307,-331,-331,-323,-331,-322,-341,-357,-450,-447]} 1.
d4 Nf6 2. Nf3 g6 3. Bf4 Bg7 4. Nc3 d5 5. Qd2 O-O 6. Bh6 Qd6 7. O-O-O Nbd7 8.
Bxg7 Kxg7 9. Nb5 Qb6 10. Nc3 c5 11. h4 cxd4 12. Qxd4 Qxd4 13. Nxd4 e5 14. Ndb5
d4 15. Nb1 Ne4 16. Rg1 Nxf2 17. Re1 Ng4 18. c3 dxc3 19. N1xc3 Ndf6 20. g3 Bd7
21. Bg2 Bc6 22. Bxc6 bxc6 23. Na3 Ne3 24. Nc2 Nfg4 25. Nd1 Nf5 26. e3 Rab8 27.
Rg2 Rfd8 28. e4 Nd4 29. Nde3 h5 30. Nxg4 hxg4 31. Ne3 f5 32. Nc4 Nf3 33. Re3
Rd4 34. Na5 Rb5 35. Nxc6 Rc5+ 36. Rc2 Rxc2+ 37. Kxc2 Rc4+ 38. Rc3 Rxc6 39. Rxc6
Nd4+ 40. Kc3 Nxc6 41. b4 f4 0-1

[Event "CRO U20 1 liga"]
[Site "Cakovec"]
[Date "2020.07.14"]
[Round "1.8"]
[White "Kresic, Vid"]
[Black "Markovic, Marko"]
[Result "0-1"]
[WhiteElo "1216"]
[BlackElo "1643"]
[PlyCount "86"]
[EventDate "2020.??.??"]
[WhiteClock "1:30:00"]
[BlackClock "1:30:00"]

{[%evp 0,86,30,26,30,-10,0,-14,-14,-37,36,-9,-2,-43,53,24,24,-22,-10,-28,-31,
-22,-42,-10,-7,-62,-94,-135,-135,-135,-185,-209,-209,-196,-182,-307,-285,-285,
-354,-354,-373,-388,-388,-388,-343,-426,-406,-406,-329,-391,-250,-307,-299,
-289,-300,-327,-334,-336,-299,-508,-290,-290,-445,-477,-276,-372,-282,-363,
-345,-345,-345,-272,-288,-331,-338,-342,-401,-412,-436,-725,-568,-726,-670,
-729,-729,-764,-887,-887,-916]} 1. d4 d5 2. c4 e6 3. Nc3 Nf6 4. Bf4 a6 5. e3
Bb4 6. Qb3 c5 7. Nf3 Nc6 8. Bd3 Na5 9. Qc2 dxc4 10. Be2 Nd5 11. Bg3 b5 12. a3
Nb3 13. Rb1 Bxc3+ 14. bxc3 Qa5 15. O-O Nxc3 16. Rbe1 Bb7 17. Kh1 Be4 18. Qb2
Nxe2 19. Rxe2 Bd3 20. Rfe1 Bxe2 21. Rxe2 Rd8 22. dxc5 Rd1+ 23. Ng1 f6 24. c6
Rd2 25. Rxd2 Qxd2 26. Qb1 Qd3 27. Qe1 c3 28. c7 O-O 29. Ne2 Qd2 30. Qxd2 cxd2
31. Nc3 a5 32. Kg1 Rc8 33. Bd6 b4 34. axb4 axb4 35. Nd1 Nc1 36. Kf1 b3 37. f3
Kf7 38. e4 e5 39. Nb2 Ke6 40. Bb4 Rxc7 41. Bxd2 Rc2 42. Bxc1 Rxc1+ 43. Ke2 Rc2+
0-1

[Event "CRO U20 1 liga"]
[Site "Cakovec"]
[Date "2020.07.14"]
[Round "1.13"]
[White "Cotic, Borna"]
[Black "Tomulic, Teo"]
[Result "0-1"]
[WhiteElo "2049"]
[BlackElo "2359"]
[PlyCount "60"]
[EventDate "2020.??.??"]
[WhiteClock "1:30:00"]
[BlackClock "1:30:00"]

{[%evp 0,60,22,6,79,67,88,68,96,26,82,38,41,4,6,16,33,17,21,23,23,25,46,-13,-4,
16,16,16,33,33,33,35,35,43,41,40,40,57,67,57,115,88,114,99,89,71,89,53,91,52,
92,74,62,57,130,127,131,121,103,104,49,39,-489]} 1. e4 c5 2. Nf3 d6 3. Bb5+ Nd7
4. O-O a6 5. Bd3 b5 6. c4 Ne5 7. Nxe5 dxe5 8. Qe2 b4 9. Bc2 e6 10. d3 Bd6 11.
Ba4+ Bd7 12. Bxd7+ Qxd7 13. a3 Ne7 14. axb4 cxb4 15. Be3 Nc6 16. Nd2 O-O 17. c5
Bc7 18. Nc4 a5 19. b3 Nd4 20. Bxd4 Qxd4 21. Qe3 Qc3 22. Rab1 Rad8 23. Rfd1 f5
24. Qe2 Rd4 25. exf5 exf5 26. Qf3 Rfd8 27. Qxf5 e4 28. Re1 Qxd3 29. Ne5 Bxe5
30. Qxe5 Qxb1 0-1

[Event "CRO U20 1 liga"]
[Site "Cakovec"]
[Date "2020.07.14"]
[Round "1.14"]
[White "Radenic, Filip"]
[Black "Simunic, Krunoslav"]
[Result "1-0"]
[WhiteElo "2134"]
[BlackElo "2047"]
[PlyCount "75"]
[EventDate "2020.??.??"]
[WhiteClock "1:30:00"]
[BlackClock "1:30:00"]

{[%evp 0,75,22,22,37,12,-4,31,71,62,73,61,100,51,63,49,49,50,57,57,109,91,91,2,
39,24,77,49,60,20,54,-24,50,-2,6,13,26,23,65,27,65,93,98,63,190,-110,-26,-201,
-196,-211,-49,-9,36,-49,4,4,119,-7,-57,-79,-79,-156,-22,0,0,0,0,0,0,0,0,-130,
-59,-126,-59,-19,911,911]} 1. d4 e6 2. e4 d5 3. Nd2 c5 4. Ngf3 Nf6 5. exd5 Qxd5
6. Bc4 Qd7 7. O-O cxd4 8. Nb3 Nc6 9. Nbxd4 Nxd4 10. Nxd4 a6 11. Re1 Qc7 12. Qe2
Be7 13. Bg5 h6 14. Bh4 O-O 15. Rad1 Bd7 16. Bb3 Rad8 17. c3 Rfe8 18. Bg3 Qb6
19. Be5 Bc6 20. Bc2 Kf8 21. Bb1 Nd5 22. Bxg7+ Kxg7 23. Qg4+ Bg5 24. h4 Nf6 25.
Qg3 Nh5 26. Qg4 Nf6 27. Qg3 Nh5 28. Qd3 Bf4 29. Qh7+ Kf6 30. g4 Rh8 31. Rxe6+
fxe6 32. Qg6+ Ke7 33. Qxe6+ Kf8 34. Bg6 Qc7 35. Bxh5 Bh2+ 36. Kf1 Bb5+ 37. Kg2
Qf4 38. Nf5 1-0

[Event "CRO U20 1 liga"]
[Site "Cakovec"]
[Date "2020.07.14"]
[Round "1.17"]
[White "Jambresic, Filip"]
[Black "Levacic, Matej"]
[Result "0-1"]
[WhiteElo "2082"]
[BlackElo "2040"]
[PlyCount "58"]
[EventDate "2020.??.??"]
[WhiteClock "1:30:00"]
[BlackClock "1:30:00"]

{[%evp 0,58,16,38,5,-33,-15,17,-19,-22,-74,-91,-21,-50,-21,-37,4,-27,38,4,3,31,
-3,-3,33,23,27,23,28,19,-16,-29,-1,-3,-9,3,-14,-7,20,10,12,6,7,-17,42,42,36,33,
33,-99,-195,-195,-323,-308,-308,-376,-382,-382,-425,-425,-425]} 1. Nf3 d5 2. c4
e6 3. cxd5 exd5 4. g3 Nf6 5. Bg2 Be7 6. O-O O-O 7. d3 Re8 8. a3 c6 9. Bg5 Qb6
10. Qc2 h6 11. Bf4 Nbd7 12. Nc3 Nc5 13. b4 Ne6 14. Be5 a5 15. b5 Ng4 16. bxc6
bxc6 17. Na4 Qa7 18. e3 c5 19. Rab1 Ba6 20. Nb6 Rad8 21. Ba1 c4 22. dxc4 dxc4
23. Qf5 c3 24. Qxa5 c2 25. Rbc1 Bc5 26. Na4 Bxf1 27. Qxa7 Bxa7 28. Bxf1 Rd1 29.
Bb2 Nxe3 0-1

[Event "CRO U20 1 liga"]
[Site "Cakovec"]
[Date "2020.07.14"]
[Round "1.18"]
[White "Ljubicic, Mario"]
[Black "Karlusic, Luka"]
[Result "0-1"]
[WhiteElo "1966"]
[BlackElo "2159"]
[PlyCount "68"]
[EventDate "2020.??.??"]
[WhiteClock "1:30:00"]
[BlackClock "1:30:00"]

{[%evp 0,68,44,29,100,71,79,56,68,54,95,27,44,44,44,-64,49,38,38,34,21,6,6,-23,
-23,-19,33,0,-5,-43,-7,-57,13,-9,-7,-18,-1,-1,31,31,27,2,21,-21,-17,-44,-42,
-42,-36,-13,-27,-26,2,-84,-70,-115,-103,-177,-14,-265,-265,-241,-217,-303,-309,
-406,-359,-998,-890,-1066,-1037]} 1. e4 c5 2. Nf3 e6 3. d4 cxd4 4. Nxd4 a6 5.
c4 Nf6 6. Nc3 Bb4 7. f3 O-O 8. Be2 Nc6 9. Be3 d5 10. exd5 exd5 11. Nxc6 bxc6
12. O-O Be6 13. Qa4 Qd6 14. Rad1 Bc5 15. Bf2 Rfd8 16. cxd5 cxd5 17. Bxc5 Qxc5+
18. Qd4 Qa5 19. Rd2 Rab8 20. Rfd1 h6 21. Qa4 Qb6+ 22. Kf1 a5 23. Qf4 Qc5 24. a3
Rb7 25. Na4 Qe7 26. Rd4 Bd7 27. R1d2 Rdb8 28. Ba6 Bxa4 29. Bxb7 Bb5+ 30. Kf2
Rxb7 31. Qf5 Rc7 32. a4 Rc1 33. Kg3 Qe1+ 34. Rf2 Bd7 0-1

[Event "CRO U20 1 liga"]
[Site "Cakovec"]
[Date "2020.07.14"]
[Round "1.19"]
[White "Cigrovski, Jakov"]
[Black "Mijic, Karlo"]
[Result "1-0"]
[WhiteElo "2010"]
[BlackElo "1729"]
[PlyCount "101"]
[EventDate "2020.??.??"]
[WhiteClock "1:30:00"]
[BlackClock "1:30:00"]

{[%evp 0,101,13,-17,14,1,55,5,76,13,40,15,40,20,68,9,9,-21,29,1,-19,-4,8,36,36,
1,1,-54,7,-33,19,14,60,64,78,55,60,58,57,45,84,57,110,77,93,68,189,124,113,95,
137,67,52,60,52,58,58,58,52,47,19,1,44,63,59,70,64,66,48,77,107,102,104,87,85,
90,129,145,145,145,147,152,128,177,188,200,282,366,374,482,566,642,1030,1013,
1050,1080,1097,1169,1169,1266,1403,1847,1873,1918]} 1. c4 e5 2. Nc3 f5 3. e4 d6
4. d4 exd4 5. Qxd4 Nc6 6. Qe3 Nf6 7. exf5+ Qe7 8. Nb5 Kd8 9. Bd3 a6 10. Nc3
Qxe3+ 11. Bxe3 Ne5 12. Be2 Bxf5 13. O-O-O Nfg4 14. Bd4 Nc6 15. h3 Nxd4 16. Bxg4
Bxg4 17. hxg4 Nc6 18. f4 Be7 19. Nd5 h6 20. Nf3 Kd7 21. c5 Bd8 22. Rd2 Ke6 23.
cxd6 cxd6 24. Rhd1 Ba5 25. Re2+ Kf7 26. a3 Rac8 27. Kb1 Rhe8 28. Rc2 Ne7 29.
Rxc8 Rxc8 30. Nxe7 Kxe7 31. Nh4 Rc6 32. Nf5+ Kf6 33. Rxd6+ Rxd6 34. Nxd6 Ke6
35. Nxb7 Bb6 36. b4 Kd5 37. Kc2 Ke4 38. Nc5+ Bxc5 39. bxc5 Kd5 40. Kd3 a5 41.
c6 Kxc6 42. Ke4 Kd6 43. Kf5 Ke7 44. Kg6 Kf8 45. a4 Kg8 46. f5 Kf8 47. f6 gxf6
48. Kxf6 Kg8 49. Kg6 Kf8 50. Kxh6 Kf7 51. g5 1-0

[Event "CRO U20 1 liga"]
[Site "Cakovec"]
[Date "2020.07.14"]
[Round "2.1"]
[White "Tomulic, Teo"]
[Black "Jambresic, Filip"]
[Result "1-0"]
[WhiteElo "2359"]
[BlackElo "2082"]
[PlyCount "69"]
[EventDate "2020.??.??"]
[WhiteClock "1:30:00"]
[BlackClock "1:30:00"]

{[%evp 0,69,29,23,53,53,67,67,68,44,101,44,74,46,46,46,59,9,106,62,75,49,65,62,
120,60,38,39,47,-26,68,57,68,60,71,70,51,3,21,31,77,73,95,95,111,107,108,108,
150,150,128,107,159,145,148,148,145,120,139,133,98,74,148,132,170,170,523,890,
890,942,942,1070]} 1. e4 c5 2. Nf3 e6 3. d4 cxd4 4. Nxd4 a6 5. c4 Qc7 6. Be2
Nf6 7. Nc3 Bb4 8. Nc2 Be7 9. g4 h6 10. Be3 d6 11. f4 b6 12. Bf3 Bb7 13. Qe2
Nbd7 14. h4 Rc8 15. g5 hxg5 16. hxg5 Rxh1+ 17. Bxh1 Ng8 18. Na3 Kf8 19. Kf2 d5
20. exd5 Bxa3 21. bxa3 Qxc4 22. Qxc4 Rxc4 23. dxe6 fxe6 24. Bxb7 Rxc3 25. Rd1
Rc7 26. Bxa6 Ne7 27. Bb5 Nd5 28. a4 Nc5 29. Bd4 Rf7 30. Be5 Ra7 31. Rd4 Kf7 32.
f5 Nc3 33. g6+ Ke7 34. f6+ gxf6 35. Bd6+ 1-0

[Event "CRO U20 1 liga"]
[Site "Cakovec"]
[Date "2020.07.14"]
[Round "2.3"]
[White "Troselj, Ivan"]
[Black "Cigrovski, Jakov"]
[Result "0-1"]
[WhiteElo "1857"]
[BlackElo "2010"]
[PlyCount "99"]
[EventDate "2020.??.??"]
[WhiteClock "1:30:00"]
[BlackClock "1:30:00"]

{[%evp 0,99,29,38,53,17,66,62,103,66,66,42,44,67,87,25,141,94,94,84,77,47,64,
47,40,36,43,36,42,18,62,36,39,27,55,-2,15,19,58,0,16,12,10,-11,4,-1,22,-36,-26,
-9,9,-23,-7,-33,-33,-36,-35,-35,-35,-67,-61,-81,-79,-127,-157,-144,-145,-145,
-77,-110,-110,-110,-75,-71,-69,-64,-64,-49,-74,-100,-99,-100,-91,-105,-99,-169,
-89,-132,-128,-120,-121,-211,-194,-202,-207,-223,-220,-268,-268,-309,-317,-322]
} 1. e4 c5 2. c3 g6 3. d4 cxd4 4. cxd4 d5 5. exd5 Nf6 6. Nc3 Nxd5 7. Qb3 Nb6 8.
Bb5+ Bd7 9. Nf3 Bxb5 10. Qxb5+ N8d7 11. Bf4 Bg7 12. O-O O-O 13. Rfe1 Nf6 14.
Be5 Qd7 15. Qxd7 Nbxd7 16. Rad1 e6 17. Nb5 Nd5 18. Nd6 Nxe5 19. dxe5 Rad8 20.
h3 Rd7 21. Ne4 Rc7 22. Nd6 Bh6 23. g4 Nf4 24. h4 Rc2 25. g5 Bg7 26. Rd2 Rxd2
27. Nxd2 Nd3 28. Re3 Nxe5 29. Nxb7 Rb8 30. Rb3 Nc6 31. Ne4 Nd4 32. Rb4 Nf3+ 33.
Kf1 Bf8 34. Nf6+ Kg7 35. Rb5 Nd4 36. Nd7 Rc8 37. Ra5 Rc7 38. Nbc5 Be7 39. b4
Nc6 40. Ra4 Nxb4 41. Rxb4 Rxd7 42. Rc4 Rd5 43. Nb3 Bd8 44. Ke2 Bb6 45. Nd2 Bxf2
46. Nf3 Bb6 47. Kf1 h6 48. Kg2 hxg5 49. Nxg5 Rd2+ 50. Kg3 0-1

[Event "CRO U20 1 liga"]
[Site "Cakovec"]
[Date "2020.07.14"]
[Round "2.4"]
[White "Mahecic, Lovre"]
[Black "Zekic, Patrik"]
[Result "0-1"]
[WhiteElo "1977"]
[BlackElo "1699"]
[PlyCount "74"]
[EventDate "2020.??.??"]
[WhiteClock "1:30:00"]
[BlackClock "1:30:00"]

{[%evp 0,74,38,-19,-16,-42,-59,-89,-87,-87,-15,-21,18,4,49,13,-5,-3,6,-8,1,10,
11,5,6,8,23,-35,-8,-35,-24,29,38,38,63,76,97,61,61,3,21,5,16,23,23,23,21,14,21,
-4,10,-467,-471,-575,-596,-596,-529,-566,-574,-575,-544,-556,-544,-544,-450,
-490,-471,-490,-322,-794,-767,-767,-767,-874,-778,-29995,-864]} 1. c4 e6 2. g3
d5 3. Bg2 Nf6 4. Nc3 Be7 5. Nf3 Nbd7 6. O-O O-O 7. b3 b6 8. Bb2 Bb7 9. Rc1 c5
10. cxd5 Nxd5 11. d4 Nxc3 12. Bxc3 Nf6 13. Qc2 Rc8 14. Rfd1 c4 15. bxc4 Bxf3
16. Bxf3 Rxc4 17. Qb3 Qc7 18. Bb2 Rc8 19. Qd3 b5 20. d5 exd5 21. Bxd5 Nxd5 22.
Qxd5 a6 23. Qf5 g6 24. Qd5 Rd8 25. Rxc4 bxc4 26. Qf3 Rxd1+ 27. Kg2 Rd7 28. Qc3
f6 29. f3 Qc6 30. Qe3 Kf7 31. Qh6 c3 32. Qxh7+ Ke6 33. Bc1 Rd2 34. Qxg6 Rxe2+
35. Kh3 Qxf3 36. Qg8+ Kd7 37. Qg6 Qg2+ 0-1

[Event "CRO U20 1 liga"]
[Site "Cakovec"]
[Date "2020.07.14"]
[Round "2.5"]
[White "Karlovcec, David"]
[Black "Cotic, Borna"]
[Result "0-1"]
[WhiteElo "1655"]
[BlackElo "2049"]
[PlyCount "68"]
[EventDate "2020.??.??"]
[WhiteClock "1:30:00"]
[BlackClock "1:30:00"]

{[%evp 0,68,38,38,50,50,66,45,44,31,74,-71,-13,-1,-21,-81,51,-32,-20,-18,-37,
-92,-89,-167,-76,-25,-38,-50,-28,-60,-230,-243,-243,-205,-223,-223,-223,-284,
-234,-263,-228,-228,-273,-273,-255,-286,-274,-320,-312,-312,-249,-255,-222,
-223,-223,-215,-192,-214,-219,-225,-235,-239,-235,-220,-220,-268,-250,-239,
-316,-316,-315]} 1. e4 c5 2. Nf3 e6 3. d4 cxd4 4. Nxd4 Nc6 5. c4 Nf6 6. Nc3 Bb4
7. f3 d5 8. exd5 exd5 9. Be3 O-O 10. Nc2 Re8 11. Be2 Rxe3 12. Nxe3 d4 13. Nc2
Ba5 14. b4 Nxb4 15. Nxd4 Qxd4 16. Qxd4 Nc2+ 17. Kf2 Nxd4 18. Rac1 Nxe2 19. Kxe2
Be6 20. Nd5 Bxd5 21. cxd5 Nxd5 22. g3 Re8+ 23. Kf2 Bb6+ 24. Kg2 g6 25. Rhe1
Rxe1 26. Rxe1 Ne3+ 27. Kh3 Bd4 28. Rb1 b6 29. Rb4 Bc5 30. Re4 a5 31. a4 Kg7 32.
g4 Nd5 33. Kg3 Nc3 34. Rc4 Bb4 0-1

[Event "CRO U20 1 liga"]
[Site "Cakovec"]
[Date "2020.07.14"]
[Round "2.6"]
[White "Simunic, Krunoslav"]
[Black "Vidovic, Dominik"]
[Result "1/2-1/2"]
[WhiteElo "2047"]
[BlackElo "1526"]
[PlyCount "130"]
[EventDate "2020.??.??"]
[WhiteClock "1:30:00"]
[BlackClock "1:30:00"]

{[%evp 0,130,38,23,34,-16,-16,-16,-16,-47,5,-1,17,-2,52,52,68,51,46,46,46,59,
65,49,53,29,40,55,50,50,39,39,58,27,35,35,18,40,40,28,44,50,116,-84,-98,-98,
-98,-102,-58,-50,-22,-91,-60,-124,-85,-141,-147,-141,-141,-141,-52,-52,-44,
-105,-80,-70,-70,-91,-91,-118,-119,-136,-142,-142,-140,-152,-36,-68,-87,-125,
-61,-61,-14,-174,-189,-192,-26,-204,-162,-200,-178,-175,-175,-187,-186,-198,
-205,-205,-235,-258,-211,-202,-191,-200,-178,-221,-221,-221,-26,-26,-26,-37,
-37,-171,-62,-62,-111,-777,-13,-16,0,0,0,0,0,0,0,0,0,0,0,0,0]} 1. d4 Nf6 2. c4
e6 3. Nf3 d5 4. Bg5 Be7 5. Nc3 O-O 6. e3 b6 7. cxd5 Nxd5 8. Nxd5 exd5 9. Bxe7
Qxe7 10. Rc1 Ba6 11. Bxa6 Nxa6 12. a3 c5 13. dxc5 Nxc5 14. b4 Ne4 15. Qxd5 Rfd8
16. Qe5 Qxe5 17. Nxe5 f6 18. Nc6 Rd3 19. a4 Nc3 20. a5 b5 21. O-O Ne2+ 22. Kh1
Nxc1 23. Rxc1 Rd7 24. Nd4 a6 25. Rc6 Raa7 26. g4 Rdc7 27. Rb6 Rc4 28. Nc6 Rc7
29. Nd4 Rxb4 30. Rxa6 Ra4 31. Nxb5 Rc1+ 32. Kg2 Rca1 33. Ra8+ Kf7 34. Nd6+ Kg6
35. Nb7 Rxg4+ 36. Kf3 Rg5 37. a6 Rb5 38. Ke4 Ra4+ 39. Kf3 Rb6 40. Nc5 Ra5 41.
Rc8 Rbb5 42. Ne6 Rf5+ 43. Kg4 h5+ 44. Kh4 Rxa6 45. Nf4+ Kh7 46. Rc7 Kh6 47. Kg3
g5 48. Nd3 h4+ 49. Kg4 Kg6 50. f4 Ra2 51. e4 Rb5 52. f5+ Kh6 53. Rc6 Rxh2 54.
Rxf6+ Kg7 55. Rg6+ Kf7 56. Rxg5 h3 57. Rh5 Rb3 58. Nf4 Rb4 59. Nxh3 Rxe4+ 60.
Kg3 Ree2 61. Ng5+ Kf6 62. Nh7+ Kg7 63. f6+ Kg6 64. Rxh2 Rxh2 65. Kxh2 Kxh7
1/2-1/2

[Event "CRO U20 1 liga"]
[Site "Cakovec"]
[Date "2020.07.14"]
[Round "2.10"]
[White "Matota, Dominik"]
[Black "Sundac, Ivano"]
[Result "1-0"]
[WhiteElo "1807"]
[BlackElo "1408"]
[PlyCount "79"]
[EventDate "2020.??.??"]
[WhiteClock "1:30:00"]
[BlackClock "1:30:00"]

{[%evp 0,79,38,38,51,50,109,89,89,91,91,64,73,59,51,48,80,41,42,36,35,47,17,34,
12,-4,7,-33,-23,-35,-16,-22,-70,-52,-42,-36,-9,-62,-51,-44,20,25,49,47,53,40,
105,29,1,1,8,-15,5,25,25,3,1,16,20,10,24,28,47,52,52,30,27,39,32,48,70,53,106,
97,264,268,287,335,335,335,482,539]} 1. e4 c5 2. Nf3 d6 3. d4 cxd4 4. Nxd4 Nf6
5. Nc3 a6 6. Be2 e5 7. Nb3 Be6 8. Be3 Be7 9. f3 O-O 10. Qd2 Nbd7 11. O-O-O b5
12. h4 Nh5 13. g4 Ng3 14. Rh2 Nxe2+ 15. Nxe2 a5 16. Kb1 a4 17. Nbc1 Nb6 18.
Bxb6 Qxb6 19. Nd3 f6 20. Nb4 Rfd8 21. Nd5 Qb7 22. a3 Rab8 23. Qb4 Bxd5 24. Rxd5
Rdc8 25. Qd2 Rc4 26. c3 Rc5 27. Ng3 Rxd5 28. exd5 Rc8 29. Rh1 Bf8 30. Qd3 Rc7
31. Ne4 Be7 32. h5 h6 33. Rd1 Bf8 34. Ng3 Rc5 35. Qf5 Qc8 36. Qg6 Qb7 37. Ne4
Qe7 38. Nxc5 dxc5 39. d6 Qd8 40. d7 1-0

[Event "CRO U20 1 liga"]
[Site "Cakovec"]
[Date "2020.07.14"]
[Round "2.13"]
[White "Sos, Fran"]
[Black "Damjanovic, Stjepan"]
[Result "1-0"]
[WhiteElo "2024"]
[BlackElo "1867"]
[PlyCount "73"]
[EventDate "2020.??.??"]
[WhiteClock "1:30:00"]
[BlackClock "1:30:00"]

{[%evp 0,73,30,38,64,46,64,-23,23,-4,22,6,21,-26,-3,-15,7,9,5,-13,-7,-33,-26,
-92,-53,-53,-26,-26,-49,-72,-26,-46,-55,-35,-34,-34,-11,13,13,11,1,-24,24,40,
58,90,106,83,83,66,101,54,75,59,79,77,88,63,99,74,73,35,63,37,62,21,166,171,
362,29990,29993,29994,29997,29998,29999,-30000]} 1. e4 c5 2. d3 Nc6 3. f4 g6 4.
Nf3 Bg7 5. Be2 Nf6 6. c3 d5 7. e5 Nd7 8. O-O O-O 9. a3 b6 10. d4 Bb7 11. e6
fxe6 12. Ng5 Rf6 13. Bg4 Nf8 14. Re1 Bc8 15. Be3 cxd4 16. cxd4 h6 17. Nf3 Bd7
18. Ne5 Nxe5 19. fxe5 Rf7 20. Qd2 Kh7 21. Nc3 Rc8 22. Rf1 Rxf1+ 23. Rxf1 Be8
24. h4 b5 25. Be2 Qb6 26. Bd3 a5 27. b4 axb4 28. axb4 h5 29. Ne2 Ra8 30. Nf4
Kg8 31. Rf3 Bh6 32. Qf2 Ra3 33. Nxg6 Rxd3 34. Nxe7+ Kh7 35. Rf7+ Bxf7 36. Qxf7+
Bg7 37. Qg8# 1-0